LEADER 01456nam 2200385Ia 450 001 9910698841103321 005 20090520122027.0 035 $a(CKB)5470000002397456 035 $a(OCoLC)327968746 035 $a(EXLCZ)995470000002397456 100 $a20090520d2005 ua 0 101 0 $aeng 135 $auran||||||||| 181 $ctxt$2rdacontent 182 $cc$2rdamedia 183 $acr$2rdacarrier 200 00$aGuidance for industry$b[electronic resource] $eassessing donor suitability and blood and blood product safety in cases of known or suspected west Nile virus infection 210 1$aRockville, MD :$cU.S. Dept. of Health and Human Services, Food and Drug Administration, Center for Biologics Evaluation and Research,$d[2005] 215 $ai, 13 pages $cdigital, PDF file 300 $a"June 2005". 320 $aIncludes bibliographical references (page 13). 517 $aGuidance for industry 606 $aWest Nile virus$xPrevention 606 $aBlood donors$xGovernment policy$zUnited States 606 $aBlood products$xGovernment policy$zUnited States 615 0$aWest Nile virus$xPrevention. 615 0$aBlood donors$xGovernment policy 615 0$aBlood products$xGovernment policy 712 02$aCenter for Biologics Evaluation and Research (U.S.) 801 0$bGPO 801 1$bGPO 906 $aBOOK 912 $a9910698841103321 996 $aGuidance for industry$93434577 997 $aUNINA